Pietismus und Neuzeit: PuN : ein Jahrbuch zur Geschichte des neueren Protestantismus
| Subtitles: | Jahrbuch ... zur Geschichte des neueren Protestantismus PuN |
|---|---|
| Corporate Author: | |
| Format: | Print Journal |
| Language: | German |
| Subito Delivery Service: | Order now. |
| Check availability: | HBZ Gateway |
| WorldCat: | WorldCat |
| Interlibrary Loan: | Für eine Fernleihe wählen Sie bitte zuerst einen Band oder Aufsatz aus. |
| Published: |
Göttingen
Vandenhoeck & Ruprecht
1974-
Bielefeld Luther-Verl. 1974-1976 |
| In: | Year: 1974 |
| Volumes / Articles: | Show volumes/articles. |
| Standardized Subjects / Keyword chains: | B
Pietism (motif)
B Protestantism / History 1600-1850 |
| Further subjects: | B
Pietism (motif)
B Evangelische Kirchengeschichte B Journal B Pietism Periodicals B Evangelische Theologiegeschichte |
| Parallel Edition: | Electronic
|
| Sammlungen: |
MARC
| LEADER | 00000cas a2200000 c 4500 | ||
|---|---|---|---|
| 001 | 129889474 | ||
| 003 | DE-627 | ||
| 005 | 20260207115636.0 | ||
| 007 | tu | ||
| 008 | 931115c19749999gw z| p| 0 |0ger c | ||
| 016 | 7 | |a 011831391 |2 DE-101 | |
| 016 | 7 | |a 302208-0 |2 DE-600 | |
| 022 | |a 0172-6943 | ||
| 035 | |a (DE-627)129889474 | ||
| 035 | |a (DE-603)047480394 | ||
| 035 | |a (DE-576)015195635 | ||
| 035 | |a (DE-599)ZDB302208-0 | ||
| 035 | |a (OCoLC)1371237379 | ||
| 035 | |a (OCoLC)224479535 | ||
| 040 | |a DE-627 |b ger |c DE-627 |e rakwb | ||
| 041 | |a ger | ||
| 044 | |c XA-DE | ||
| 050 | 0 | |a BR1650.A1 | |
| 082 | 0 | 4 | |a 230 |q DE-600 |
| 084 | |a 12 |a 63 |a 200 |a 220 |a 230 |2 sdnb | ||
| 084 | |a 1 |2 ssgn | ||
| 084 | |a THEO |q DE-21 |2 fid | ||
| 084 | |a GER |q DE-30 |2 fid | ||
| 084 | |a BO 7030 |2 rvk |0 (DE-625)rvk/14824: | ||
| 084 | |a BO 5795 |2 rvk |0 (DE-625)rvk/14632: | ||
| 084 | |a 11.55 |2 bkl | ||
| 084 | |a 15.42 |2 bkl | ||
| 084 | |a 81.80 |2 bkl | ||
| 084 | |a 30.03 |2 bkl | ||
| 084 | |a 11.04 |2 bkl | ||
| 084 | |a 30.30 |2 bkl | ||
| 210 | 1 | 0 | |a PuN |
| 222 | 0 | |a Pietismus und Neuzeit | |
| 245 | 0 | 0 | |a Pietismus und Neuzeit |b PuN : ein Jahrbuch zur Geschichte des neueren Protestantismus |c im Auftr. d. Historischen Kommission zur Erforschung des Pietismus hrsg. |
| 246 | 1 | |i Zweiter Titelzusatz früher |a Jahrbuch ... zur Geschichte des neueren Protestantismus | |
| 246 | 3 | 3 | |a PuN |
| 264 | 3 | 1 | |a Göttingen |b Vandenhoeck & Ruprecht |c 1974- |
| 264 | 2 | 1 | |a Bielefeld |b Luther-Verl. |c 1974-1976 |
| 336 | |a Text |b txt |2 rdacontent | ||
| 337 | |a ohne Hilfsmittel zu benutzen |b n |2 rdamedia | ||
| 338 | |a Band |b nc |2 rdacarrier | ||
| 361 | 1 | |5 DE-32 |y 125649789 |s ZA 3980 |o Vorbesitz |a Vandenhoeck & Ruprecht |0 (DE-588)2024420-4 |0 (DE-627)102163758 |0 (DE-576)191770086 |f Stempel | |
| 362 | 0 | |a [1.]1974 - [3.]1976(1977); 4.1977/78(1979) - | |
| 363 | 0 | 1 | |a 1 |i 1974 |
| 363 | 1 | 0 | |i 1976 |a 3 |
| 365 | |b kart. | ||
| 500 | |a Beteil. Körp. ab 4.1977/78 | ||
| 515 | |a Band 48/49.2022/23 auf dem Cover fälschlicherweise als Band 47/48 bezeichnet | ||
| 591 | |a Kopie | ||
| 601 | |a Neuzeit | ||
| 601 | |a Jahrbuch | ||
| 601 | |a Geschichte | ||
| 650 | 4 | |a Pietismus | |
| 650 | 4 | |a Evangelische Kirchengeschichte | |
| 650 | 4 | |a Evangelische Theologiegeschichte | |
| 653 | 0 | |a a |a Pietism |a Periodicals | |
| 655 | 7 | |a Zeitschrift |0 (DE-588)4067488-5 |0 (DE-627)10454466X |0 (DE-576)20917000X |2 gnd-content | |
| 689 | 0 | 0 | |d s |0 (DE-588)4046049-6 |0 (DE-627)106199536 |0 (DE-576)209067691 |2 gnd |a Pietismus |
| 689 | 0 | |5 DE-101 | |
| 689 | 1 | 0 | |d s |0 (DE-588)4047538-4 |0 (DE-627)106194321 |0 (DE-576)20907387X |2 gnd |a Protestantismus |
| 689 | 1 | 1 | |q z |2 gnd |a Geschichte 1600-1850 |
| 689 | 1 | |5 DE-101 | |
| 710 | 2 | |e Herausgebendes Organ |0 (DE-588)1007799-6 |0 (DE-627)103110186 |0 (DE-576)191174238 |4 isb |a Historische Kommission zur Erforschung des Pietismus | |
| 776 | 1 | |x 2197-3180 | |
| 776 | 0 | 8 | |i Erscheint auch als |n Online-Ausgabe |t Pietismus und Neuzeit |d Göttingen : Vandenhoeck & Ruprecht, 2008 |h Online-Ressource |w (DE-627)893310603 |w (DE-600)2899417-6 |w (DE-576)490696252 |x 2197-3180 |k Electronic |
| 787 | 0 | 8 | |i Darin aufgeg. u. [1]=1; [2]=2; [3]=3 von |t Jahrbücher zur Geschichte des Pietismus |d Bielefeld : Luther-Verl., 1974 |w (DE-627)129421715 |w (DE-600)190367-6 |w (DE-576)014797496 |
| 889 | |w (DE-603)010573380 | ||
| 935 | |a SAXB |a mteo |a FRST |a BWLB |a IHoeB |a RFBW |a FBGO |a JALB |a LBGMV | ||
| 936 | r | v | |a BO 7030 |b Einzelthemen |k Theologie und Religionswissenschaften |k Patrologie und Kirchengeschichte |k Kirchengeschichte nach Perioden |k Seit Johannes XXIII. (seit 1958) |k Darstellungen |k Geschichte des Protestantismus |k Einzelthemen |0 (DE-627)1270652168 |0 (DE-625)rvk/14824: |0 (DE-576)200652168 |
| 936 | r | v | |a BO 5795 |b Allgemeines |k Theologie und Religionswissenschaften |k Patrologie und Kirchengeschichte |k Kirchengeschichte nach Perioden |k Vom Westfälischen Frieden bis zur Französischen Revolution (1648-1789) |k Darstellungen |k Andere Konfessionen |k Protestanten |k Allgemeines |0 (DE-627)1270748610 |0 (DE-625)rvk/14632: |0 (DE-576)200748610 |
| 936 | b | k | |a 11.55 |j Protestantismus |0 (DE-627)106403907 |
| 936 | b | k | |a 15.42 |j Deutsche Geschichte 1500-1800 |0 (DE-627)181569736 |
| 936 | b | k | |a 81.80 |j Hochschulen |j Fachhochschulen |0 (DE-627)106422847 |
| 936 | b | k | |a 30.03 |j Methoden und Techniken in den Naturwissenschaften |0 (DE-627)106415980 |
| 936 | b | k | |a 11.04 |j Ausbildung |j Beruf |j Organisationen |x Religionswissenschaft |0 (DE-627)106404199 |
| 936 | b | k | |a 30.30 |j Naturwissenschaften in Beziehung zu anderen Fachgebieten |0 (DE-627)106409336 |
| 936 | s | n | |a b100 |2 mzub |
| 936 | s | n | |a n100 |2 mzub |
| 951 | |a JT | ||
| ACO | |a 1 | ||
| BIB | |a 1 | ||
| CAN | |a 1 | ||
| ELC | |b 1 | ||
| ITA | |a 1 |t 1 | ||
| LOK | |0 000 xxxxxcy a22 3n 4500 | ||
| LOK | |0 001 2115120574 | ||
| LOK | |0 003 DE-627 | ||
| LOK | |0 004 129889474 | ||
| LOK | |0 005 20041126000000 | ||
| LOK | |0 008 880929||||||||||||||||ger||||||| | ||
| LOK | |0 035 |a (DE-600)022351183 | ||
| LOK | |0 040 |a DE-21 |c DE-627 |d DE-21 | ||
| LOK | |0 092 |u 030 | ||
| LOK | |0 852 |8 1 | ||
| LOK | |0 852 |a DE-21 | ||
| LOK | |0 852 1 |c ZA 3186 |9 00 | ||
| LOK | |0 85901 |8 1.1 |a 1 |i 1974 | ||
| LOK | |0 86630 |a [1.]1974 - | ||
| LOK | |0 866 0 |z ZLS-WZ | ||
| LOK | |0 939 |a 1988-09-29 |b z01 | ||
| LOK | |0 000 xxxxxcy a22 3n 4500 | ||
| LOK | |0 001 2115120582 | ||
| LOK | |0 003 DE-627 | ||
| LOK | |0 004 129889474 | ||
| LOK | |0 005 20110303114800 | ||
| LOK | |0 008 880930||||||||||||||||ger||||||| | ||
| LOK | |0 035 |a (DE-600)022351191 | ||
| LOK | |0 040 |a DE-21-31 |c DE-627 |d DE-21-31 | ||
| LOK | |0 092 |o n | ||
| LOK | |0 852 |8 1 | ||
| LOK | |0 852 |a DE-21-31 | ||
| LOK | |0 852 1 |c Ze 771 |9 00 | ||
| LOK | |0 85901 |8 1.1 |a 1 |i 1974 | ||
| LOK | |0 86630 |a [1.]1974 - | ||
| LOK | |0 939 |a 1999-12-08 |b z01 | ||
| LOK | |0 000 xxxxxcx a22 zn 4500 | ||
| LOK | |0 001 2115120590 | ||
| LOK | |0 003 DE-627 | ||
| LOK | |0 004 129889474 | ||
| LOK | |0 005 20110215082503 | ||
| LOK | |0 008 920423||||||||||||||||ger||||||| | ||
| LOK | |0 040 |a DE-21-31 |c DE-627 |d DE-21-31 | ||
| LOK | |0 852 |z Bestand: 1.1974 - | ||
| LOK | |0 852 |a DE-21-31 | ||
| LOK | |0 852 1 |c Ze 771 |m p |9 00 | ||
| LOK | |0 866 |x KV : abonniert | ||
| LOK | |0 935 |a ALKV |a aboe | ||
| LOK | |0 938 |k p | ||
| LOK | |0 939 |a 1992-04-23 |b l01 | ||
| LOK | |0 000 xxxxxcy a22 3n 4500 | ||
| LOK | |0 001 2115120604 | ||
| LOK | |0 003 DE-627 | ||
| LOK | |0 004 129889474 | ||
| LOK | |0 005 20160510150810 | ||
| LOK | |0 008 960926||||||||||||||||ger||||||| | ||
| LOK | |0 035 |a (DE-600)022351205 | ||
| LOK | |0 040 |a DE-21-32c |c DE-627 |d DE-21-32c | ||
| LOK | |0 092 |o n | ||
| LOK | |0 852 |8 1 | ||
| LOK | |0 852 |a DE-21-32c | ||
| LOK | |0 852 1 |c C 36 |9 00 | ||
| LOK | |0 85901 |8 1.1 |a 5 |i 1979 | ||
| LOK | |0 86630 |a 5.1979 - |z [N=7-9;11] | ||
| LOK | |0 866 0 |z Standort: Magazin | ||
| LOK | |0 939 |a 1999-12-08 |b z01 | ||
| LOK | |0 000 xxxxxcx a22 zn 4500 | ||
| LOK | |0 001 2115120620 | ||
| LOK | |0 003 DE-627 | ||
| LOK | |0 004 129889474 | ||
| LOK | |0 005 20010517000000 | ||
| LOK | |0 008 970113||||||||||||||||ger||||||| | ||
| LOK | |0 040 |a DE-21-108 |c DE-627 |d DE-21-108 | ||
| LOK | |0 092 |o l | ||
| LOK | |0 852 |a DE-21-108 | ||
| LOK | |0 852 1 |m p |9 00 | ||
| LOK | |0 938 |k p | ||
| LOK | |0 939 |a 1997-01-13 |b l01 | ||
| LOK | |0 000 xxxxxcx a22 zn 4500 | ||
| LOK | |0 001 2743726067 | ||
| LOK | |0 003 DE-627 | ||
| LOK | |0 004 129889474 | ||
| LOK | |0 005 20250212073349 | ||
| LOK | |0 008 130411||||||||||||||||ger||||||| | ||
| LOK | |0 040 |a DE-Tue135 |c DE-627 |d DE-Tue135 | ||
| LOK | |0 092 |o n | ||
| LOK | |0 852 |a DE-Tue135 | ||
| LOK | |0 852 1 |c ZA 3186 |9 00 | ||
| LOK | |0 866 |x SPQUE#Bibliothek der Franckeschen Stiftungen | ||
| LOK | |0 866 |x SPQUE#Reformationsgeschichtliche Forschungsbibliothek Wittenberg#SPSAM#Übergeordnete Werke | ||
| LOK | |0 866 |x SPQUE#Johannes a Lasco Bibliothek | ||
| LOK | |0 866 |x Ab 48.2022 Nachweis der Aufsätze an der Online-Ausgabe. | ||
| LOK | |0 935 |a ixzg |a FRST |a RFBW |a rfuw |a FBGO |a JALB | ||
| LOK | |0 939 |a 2013-04-11 |b l01 | ||
| ORI | |a TA-MARC-ixtheob001.raw | ||
| REL | |a 1 | ||
| SPR | |a 1 |b 1 |t BIB |t CAN |t IXT |t REL | ||
| STA | 0 | 0 | |a Pietism (motif),Pietism,Protestantism,Protestantism |
| STB | 0 | 0 | |a Piétisme (motif),Piétisme,Protestantisme,Protestantisme |
| STC | 0 | 0 | |a Pietismo,Protestantismo,Protestantismo |
| STD | 0 | 0 | |a Pietismo,Protestantesimo,Protestantesimo |
| STE | 0 | 0 | |a 基督新教,基督新教,抗罗宗,更正教,抗罗宗,更正教,虔敬主义,敬虔派,虔信主义 |
| STF | 0 | 0 | |a 基督新教,基督新教,抗羅宗,更正教,抗羅宗,更正教,虔敬主義,敬虔派,虔信主義 |
| STG | 0 | 0 | |a Pietismo,Protestantismo,Protestantismo |
| STH | 0 | 0 | |a Пиетизм,Протестантизм,Протестантизм,Протестантство,Протестантство (мотив) |
| STI | 0 | 0 | |a Πιετισμός,Ευσεβισμός,Προτεσταντισμός (μοτίβο),Προτεσταντισμός |
| SUB | |a CAN |a BIB |a REL | ||
| SYG | 0 | 0 | |a Protestantism,Calvinismus,Evangelicalism,Evangelismus,Hugenotten,Lutheraner,Mennoniten,Pietismus,Puritans |
| TIM | |a 100016000101_100018501231 |b Geschichte 1600-1850 | ||